000
00299nam a2200121Ia 4500
008
190722s9999 xx 000 0 und d
020
_a
978-93-325-5023-0
100
_a
Allan V. Oppenheim
245
0
_a
Signals and sysytem
260
_a
New Delhi
_b
Pearson Education
_c
2016
300
_a
944
942
_c
BK
999
_c
250
_d
250